इलेक्ट्रॉनिक अपशिष्ट प्रबंधन / (Record no. 119316)

MARC details
000 -LEADER
fixed length control field 01367nam a22002777a 4500
005 - DATE AND TIME OF LATEST TRANSACTION
control field 20170124103132.0
010 ## - LIBRARY OF CONGRESS CONTROL NUMBER
LC control number B-298658
020 ## - INTERNATIONAL STANDARD BOOK NUMBER
Terms of availability 150.00
International Standard Book Number 8187779780
035 ## - SYSTEM CONTROL NUMBER
System control number B-298658
037 ## - SOURCE OF ACQUISITION
Source of stock number/acquisition Cen Lib/Ret
040 ## - CATALOGING SOURCE
Original cataloging agency DPL
Language of cataloging HN
082 ## - DEWEY DECIMAL CLASSIFICATION NUMBER
Classification number 363.7288
Item number सिंहएस
100 ## - MAIN ENTRY--PERSONAL NAME
Personal name सिंह, एस. पी
9 (RLIN) 73
245 ## - TITLE STATEMENT
Title इलेक्ट्रॉनिक अपशिष्ट प्रबंधन /
Statement of responsibility, etc एस. पी सिंह [और] नीलम सिंह
246 ## - VARYING FORM OF TITLE
Title proper/short title Electronic apshisht prabandhan /
Remainder of title by S. P. Singh [aur] Neelam Singh
260 ## - PUBLICATION, DISTRIBUTION, ETC. (IMPRINT)
Place of publication, distribution, etc नई दिल्ली
Name of publisher, distributor, etc अनुराग प्रकाशन
Date of publication, distribution, etc 2007
270 ## - ADDRESS
Address 4760-61, द्वितीय तल, 23, अंसारी रोड, दरियागंज
City नई दिल्ली
Postal code 110002
300 ## - PHYSICAL DESCRIPTION
Extent 127पृ. :
Dimensions 21सेमी(सजिल्द)
Other physical details सचित्र
500 ## - GENERAL NOTE
General note अनुक्रमणिका शामिल
650 ## - SUBJECT ADDED ENTRY--TOPICAL TERM
Topical term or geographic name as entry element इलेक्ट्रॉनिक उपकरण
9 (RLIN) 5068
650 ## - SUBJECT ADDED ENTRY--TOPICAL TERM
Topical term or geographic name as entry element इलेक्ट्रॉनिक अपशिष्ट प्रबंध
9 (RLIN) 84323
650 ## - SUBJECT ADDED ENTRY--TOPICAL TERM
Topical term or geographic name as entry element Electronic equipment
9 (RLIN) 84324
650 ## - SUBJECT ADDED ENTRY--TOPICAL TERM
Topical term or geographic name as entry element Electronic Waste Management
9 (RLIN) 84325
700 ## - ADDED ENTRY--PERSONAL NAME
Personal name सिंह, नीलम
9 (RLIN) 84326
942 ## - ADDED ENTRY ELEMENTS (KOHA)
Source of classification or shelving scheme Dewey Decimal Classification
Koha item type Hindi Books
Classification part 363.7288
Call number suffix सिंहएस
Holdings
Withdrawn status Lost status Damaged status Not for loan Home library Current library Date acquired Source of acquisition Cost, normal purchase price Total Checkouts Full call number Barcode Date last seen Copy number Cost, replacement price Price effective from Koha item type
        Central Library Central Library 16/09/2015 Cen Lib/Ret 150.00   363.7288 सिंहएस B-298658 16/09/2015 1 150.00 16/09/2015 Hindi Books

© Delhi Public Library
Hit Counter
free hit counter